LIBRARY & INFORMATION CENTRE, KCAET, TAVANUR

ONLINE PUBLIC ACCESS CATALOGUE (OPAC)

Code of practice for construction of hollow concrete black masonary,IS:2572-1963 (Record no. 4557)

MARC details
000 -LEADER
fixed length control field 00409cam a2200145ua 4500
041 ## - LANGUAGE CODE
Language code of text/sound track or separate title eng
082 ## - DEWEY DECIMAL CLASSIFICATION NUMBER
Classification number 691.327
Item number IND/CO
100 ## - MAIN ENTRY--AUTHOR NAME
Personal name Indian Standard Institution, .
245 00 - TITLE STATEMENT
Title Code of practice for construction of hollow concrete black masonary,IS:2572-1963
260 ## - PUBLICATION, DISTRIBUTION, ETC. (IMPRINT)
Place of publication New Delhi :
Name of publisher Indian Standards Institution ,
Year of publication 1981.
300 ## - PHYSICAL DESCRIPTION
Number of Pages 20 ; .
942 ## - ADDED ENTRY ELEMENTS (KOHA)
Koha item type Books
Holdings
Withdrawn status Lost status Damaged status Home library Current library Date acquired Full call number Accession Number Koha item type
      KAUAET KAUAET 07/04/2012 691.327 17153 Standards
free website counter